Breaking Bad episodes - Statistics

General Stats
  • This quiz has been taken 530 times
  • The average score is 27 of 62
Answer Stats
No. Episode % Correct
S1E1 Pilot
92%
S5E16 Felina
87%
S5E14 Ozymandias
86%
S3E10 Fly
72%
S4E13 Face Off
71%
S5E15 Granite State
67%
S2E8 Better Call Saul
64%
S3E13 Full Measure
61%
S2E13 ABQ
60%
S3E12 Half Measures
59%
S1E4 Cancer Man
57%
S1E3 ...And the Bag's in the River
56%
S1E5 Gray Matter
56%
S1E2 Cat's in the Bag...
55%
S4E1 Box Cutter
54%
S4E11 Crawl Space
50%
S5E13 To'hajiilee
50%
S2E4 Down
49%
S2E12 Phoenix
48%
S5E7 Say My Name
48%
S2E10 Over
47%
S4E10 Salud
47%
S2E9 4 Days Out
46%
S2E2 Grilled
46%
S2E1 Seven Thirty-Seven
46%
S4E8 Hermanos
44%
S3E1 No Más
44%
S3E5 Más
43%
S5E5 Dead Freight
42%
S5E12 Rabid Dog
42%
S5E1 Live Free or Die
41%
S5E8 Gliding Over All
40%
S3E7 One Minute
40%
S2E6 Peekaboo
40%
S4E12 End Times
39%
S2E7 Negro y Azul
38%
S1E7 A No-Rough-Stuff-Type Deal
37%
S5E11 Confessions
37%
S2E11 Mandala
36%
S2E3 Bit by a Dead Bee
35%
S1E6 Crazy Handful of Nothin
35%
S3E3 I.F.T
35%
S5E9 Blood Money
34%
S5E2 Madrigal
34%
S4E7 Problem Dog
34%
S3E2 Caballo sin Nombre
33%
S5E10 Buried
31%
S3E6 Sunset
31%
S3E11 Abiquiu
30%
S3E9 Kafkaesque
30%
S4E3 Open House
30%
S2E5 Breakage
29%
S5E6 Buyout
29%
S5E4 Fifty-One
29%
S4E9 Bug
28%
S5E3 Hazard Pay
28%
S4E5 Shotgun
28%
S3E4 Green Light
27%
S3E8 I See You
26%
S4E2 Thirty-Eight Snub
25%
S4E6 Cornered
24%
S4E4 Bullet Points
21%
No matching quizzes found
Score Distribution
Percent of People with Each Score
Percentile by Number Answered
Your Score History
You have not taken this quiz